পথ চলাতেই আনন্দ / (Record no. 13919)
[ view plain ]
| 000 -LEADER | |
|---|---|
| fixed length control field | 00706nam a2200229 a 4500 |
| 001 - CONTROL NUMBER | |
| JCCL Control Number | 13919 |
| 003 - CONTROL NUMBER IDENTIFIER | |
| JCCL marc code | BD-JhCC |
| 005 - DATE AND TIME OF LATEST TRANSACTION | |
| control field | 20240515100852.0 |
| 008 - FIXED-LENGTH DATA ELEMENTS--GENERAL INFORMATION | |
| fixed length control field | 240515b2021 b a|||| ||a| 000 0 b d |
| 020 ## - INTERNATIONAL STANDARD BOOK NUMBER | |
| International Standard Book Number | 9789849554110 |
| 035 ## - SYSTEM CONTROL NUMBER | |
| system control number | (BD-JhCC)13919 |
| 040 ## - CATALOGING SOURCE | |
| Original cataloging agency | BD-JhCC |
| Modifying agency | BD-JhCC |
| 041 ## - LANGUAGE CODE | |
| Language code of Book | bengali |
| 082 ## - DEWEY DECIMAL CLASSIFICATION NUMBER | |
| Classification number | 920 |
| Author mark and Year | RAS 2021 |
| 100 ## - MAIN ENTRY--PERSONAL NAME | |
| Personal name | রশীদ ,মোহাম্মদ মামদুদুর |
| 245 ## - TITLE STATEMENT | |
| Title | পথ চলাতেই আনন্দ / |
| Statement of responsibility, etc | মোহাম্মদ মামদুদুর রশীদ । |
| 260 ## - PUBLICATION, DISTRIBUTION, ETC. (IMPRINT) | |
| Place of publication, distribution, etc | ঢাকা: |
| Name of publisher, distributor, etc | রুটস; |
| Date of publication, distribution, etc | 2021. |
| 300 ## - PHYSICAL DESCRIPTION | |
| Pagination | 158 p. : |
| Other physical details | ill; |
| Dimensions | 22 cm. |
| 650 ## - SUBJECT ADDED ENTRY--TOPICAL TERM | |
| Topical term or geographic name as entry element | Biography and Memoirs |
| 942 ## - ADDED ENTRY ELEMENTS (KOHA) | |
| Source of classification or shelving scheme | Dewey Decimal Classification |
| Koha item type | Books |
| Source of classification or shelving scheme | Damaged status | Not for loan | Home library | Current library | Shelving location | Date of accession | Cost, normal purchase price | Total Checkouts | Full call number | Barcode | Checked out | Date last seen | Date checked out | Copy number | Method of acquisition | Koha item type | Currency |
|---|---|---|---|---|---|---|---|---|---|---|---|---|---|---|---|---|---|
| Dewey Decimal Classification | JCC Rouf Library | JCC Rouf Library | General Stacks | 450.00 | 1 | 920 RAS 2021 | 19496 | 02/11/2026 | 01/18/2026 | 01/18/2026 | C-1 | Gift/Donation | Books | BDT | |||
| Dewey Decimal Classification | JCC Rouf Library | JCC Rouf Library | General Stacks | 450.00 | 920 RAS 2021 | 19497 | 05/15/2024 | C-2 | Gift/Donation | Books | BDT | ||||||
| Dewey Decimal Classification | JCC Rouf Library | JCC Rouf Library | General Stacks | 450.00 | 920 RAS 2021 | 19498 | 05/15/2024 | C-3 | Gift/Donation | Books | BDT | ||||||
| Dewey Decimal Classification | JCC Rouf Library | JCC Rouf Library | General Stacks | 450.00 | 920 RAS 2021 | 19499 | 05/15/2024 | C-4 | Gift/Donation | Books | BDT | ||||||
| Dewey Decimal Classification | JCC Rouf Library | JCC Rouf Library | General Stacks | 450.00 | 920 RAS 2021 | 19500 | 05/15/2024 | C-5 | Gift/Donation | Books | BDT |